[Event "Kiev-ch"]
[Site "Kiev"]
[Date "1998.??.??"]
[Round "2"]
[White "Malakhatko, Vadim"]
[Black "Sobolevsky, Leonid"]
[Result "1-0"]
[WhiteElo "2410"]
[BlackElo "2305"]

1.Nf3 d5 2.d4 Nf6 3.c4 c6 4.Nc3 e6 5.e3 Nbd7 6.Qc2 Bd6 7.Bd3 dxc4 8.Bxc4 a6
9.O-O O-O 10.Rd1 Qc7 11.Bd2 e5 12.a3 exd4 13.exd4 Nb6 14.Ba2 Bg4 15.Ne4 Nbd5
16.Nxd6 Bxf3 17.gxf3 Qxd6 18.Re1 Qd7 19.Re5 Qh3 20.Qf5 Qxf5 21.Rxf5 Rad8
22.Re1 Rd7 23.Rfe5 h6 24.Bb3 Nc7 25.Re7 Nb5 26.Rxd7 Nxd7 27.Bc3 c5 28.Re7 Rd8
29.Rxf7 Kh8 30.Be6 cxd4 31.Ba5 b6 32.Rxd7 Rxd7 33.Bxd7 bxa5 34.Bxb5 axb5
35.Kf1 Kh7 36.Ke2 Kg6 37.Kd3 Kg5 38.Kxd4 Kh4 39.Kc5 Kh3 40.Kxb5 Kxh2 41.Kxa5 h5
42.b4 h4 43.b5 h3 44.b6 Kg2 45.b7 h2 46.b8=Q h1=Q 47.Qg3+ Kf1 48.Kb4 Qh6
49.f4 Qb6+ 50.Kc4 Qc6+ 51.Kd4 Qd6+ 52.Ke4 Qe6+ 53.Kd4 Qd6+ 54.Kc4 Qc6+ 55.Kb4 Qb6+
56.Ka4 Qc6+ 57.Kb3 Qd5+ 58.Kc3 Qa5+ 59.Kc2 Qc7+ 60.Kd2 Qa5+ 61.Qc3 Qa7 62.Qe3 Qa5+
63.Kc2 Qa4+ 64.Kd2 Qa5+ 65.Kc1 Qc7+ 66.Kb2 Qb7+ 67.Ka1 Qd7 68.f3 Kg2 69.Qe4 Kg3
70.a4 Qc7 71.f5 Kf2 72.Kb2 Kg3 73.Qd5 Qb6+ 74.Kc3 Qe3+ 75.Kb4 Qb6+ 76.Kc3 Qe3+
77.Kc4 Qc1+ 78.Kb5 Qb2+ 79.Ka6 Kf2 80.a5 Kg3 81.Ka7 Kf4 82.Qe4+ Kg5 83.Qg4+ Kf6
84.Qg6+ Ke7 85.Qe6+ Kd8 86.Qb6+  1-0

[Event "Klatovy op-A"]
[Site "Klatovy"]
[Date "1998.??.??"]
[Round "?"]
[White "Tyle, V."]
[Black "Fuchs, Ludek"]
[Result "1-0"]
[WhiteElo "1890"]
[BlackElo "1885"]

1.c4 e6 2.Nc3 d5 3.d4 c6 4.Nf3 Nf6 5.e3 Bb4 6.Bd2 Nbd7 7.Bd3 O-O 8.Qc2 Re8
9.O-O h6 10.Nxd5 Nxd5 11.cxd5 Bxd2 12.dxc6 Ba5 13.cxd7 Bxd7 14.Rac1 Rc8 15.Qb1 Bc6
16.Be4 Qd6 17.Bxc6 Rxc6 18.Rxc6 Qxc6 19.Rc1 Qd6 20.Qe4 Qd7 21.Ne5 Qe7 22.g3 f6
23.Nd3 Bb6 24.Nf4 Qd7 25.d5 exd5 26.Qxd5+ Qxd5 27.Nxd5 Re6 28.Nxb6 Rxb6 29.Rc2 Kf7
30.Kg2 Kg6 31.g4 h5 32.h3 Rb5 33.f4 Rd5 34.Kf3 a6 35.Ke4 Rb5 36.b3 hxg4 37.hxg4 Kf7
38.Rc7+ Kg6 39.f5+ Kh6 40.Kf4 a5 41.Rc8 Rb4+ 42.e4 g5+ 43.Ke3 Kg7 44.Rc4 Rb5
45.Kd4 b6 46.Kc3 Kf7 47.a4 Re5 48.Rc7+ Ke8 49.Kd4 b5 50.Rc5 bxa4 51.Rxe5+ fxe5+
52.Kc3  1-0

[Event "Klatovy op-B"]
[Site "Klatovy"]
[Date "1998.??.??"]
[Round "?"]
[White "Jina, L."]
[Black "Vencl, J."]
[Result "1-0"]
[WhiteElo "1905"]
[BlackElo "1665"]

1.d4 Nf6 2.c4 e6 3.Nc3 d5 4.Nf3 c6 5.e3 Nbd7 6.Be2 Bd6 7.O-O O-O 8.b3 a6
9.Bb2 b6 10.Qc2 Bb7 11.cxd5 cxd5 12.Qd3 Rc8 13.Rac1 Qe7 14.h3 Rc7 15.Nb1 Rfc8
16.Rxc7 Rxc7 17.Ne5 Ne4 18.Qd1 f5 19.Bd3 Qf8 20.f4 Qc8 21.g4 g6 22.Kg2 Kg7
23.Kf3 Ndf6 24.Rg1 a5 25.Qf1 Bb4 26.Rg2 Qe8 27.Qd1 Qc8 28.Qf1 Qe8 29.a3 Bd6
30.Qd1 Qc8 31.Rc2 Rxc2 32.Bxc2 Ba6 33.Bd3 Bxd3 34.Qxd3 Qc7 35.Qe2 Qb7 36.g5 Nd7
37.Nd3 Qc7 38.Ne1 Qb7 39.Qb5 Qc7 40.Ke2 h5 41.h4 Kf7 42.Qd3 Ke7 43.Nd2 Kd8
44.Nxe4 fxe4 45.Ng2 Kc8 46.Qa6+ Qb7 47.Qb5 Kb8 48.Kd2 Ka7 49.b4 axb4 50.axb4 Qc7
51.Qa4+ Kb7 52.b5 Nb8 53.Qc2 Bb4+ 54.Kd1 Qxc2+ 55.Kxc2 Nd7 56.Kb3 Bd6 57.Ba3 Bxa3
58.Kxa3 Kc7 59.Kb3 Kb7 60.Ne1 Nf8 61.Nc2 Nd7 62.Nb4 Nb8 63.Kc3 Kc8 64.Kd2 Kb7
65.Ke2 Kc7 66.Kf2 Kd6 67.Kg3 Nd7 68.Nc6 Nf8 69.Ne5 Ke7 70.Kf2 Kd6 71.Ke2 Ke7
72.Kd2 Kd6 73.Kc3 Kc7 74.Kb4 Kb7 75.Ka4 Kc7 76.Nc6 Nd7 77.Kb3 Nf8 78.Kc2 Nd7
79.Kd2 Nf8 80.Ke2 Nd7 81.Kf2 Nf8 82.Kg3 Kd6 83.Kf2 Kc7 84.Kg2 Kd6 85.Na7 Kc7
86.Kg3 Nd7 87.Nc6 Kd6 88.Kf2 Kc7 89.Ne7 Nf8 90.f5 exf5 91.Nxd5+ Kb7 92.Ke2 Ne6
93.Ne7 Nf8 94.Kd2 Kc7 95.Nd5+ Kb7 96.Kc3 Ne6 97.Ne7 Nf8 98.Kc4 Kc7 99.Kd5 Kd7
100.Nc6 Ke8 101.Ne5 f4 102.Kxe4 fxe3 103.Kxe3 Ke7 104.Ke4 Ke6 105.d5+ Kd6
106.Kd4 Kc7 107.Nf7 Nd7 108.d6+ Kc8 109.Ne5 Nc5 110.Nxg6 Kd7 111.Kd5 Ne6
112.Ne5+  1-0

[Event "Klatovy op-B"]
[Site "Klatovy"]
[Date "1998.??.??"]
[Round "?"]
[White "Jina, L."]
[Black "Dostal, L."]
[Result "1-0"]
[WhiteElo "1905"]
[BlackElo "1750"]

1.d4 Nf6 2.c4 e6 3.Nc3 d5 4.e3 c6 5.Nf3 Nbd7 6.Bd3 dxc4 7.Bxc4 b5 8.Bd3 a6
9.a3 c5 10.b3 Bb7 11.dxc5 Nxc5 12.Bc2 Qc7 13.Bb2 Bd6 14.h3 O-O 15.O-O Rfd8
16.Qe2 Rac8 17.Rac1 Qb8 18.b4 Nce4 19.Nxe4 Nxe4 20.Rfd1 Bd5 21.Nd4 g6 22.Qg4 Qb7
23.Bxe4 Bxe4 24.Rxc8 Rxc8 25.Nxe6 f5 26.Qg5 Be7 27.Qf4 Bxg2 28.Qe5 Kf7 29.Nf4 Bc6
30.Qg7+ Ke8 31.Qxh7 Bf8 32.Qxg6+ Qf7 33.Qe6+ Qxe6 34.Nxe6 Kf7 35.Nd8+  1-0

[Event "Klatovy op-B"]
[Site "Klatovy"]
[Date "1998.??.??"]
[Round "?"]
[White "Kubik, Jan"]
[Black "Konicek, J."]
[Result "1/2-1/2"]
[WhiteElo "1895"]
[BlackElo "1755"]

1.c4 Nf6 2.Nf3 e6 3.Nc3 c6 4.d4 d5 5.e3 Bd6 6.Bd3 O-O 7.O-O h6 8.c5 Bc7 9.Bd2 Nbd7
10.b4 e5 11.dxe5 Nxe5 12.Nxe5 Bxe5 13.f4 Bxc3 14.Bxc3 Ne4 15.Bxe4 dxe4 16.Qxd8 Rxd8
17.Rad1 Be6 18.Rxd8+ Rxd8 19.Bd4 a6 20.a3 f5 21.h4 Rd7 22.Kf2 Kf7 23.g3 Kg6
24.Rb1 Bc4 25.a4 Kh5 26.Rh1 Bb3 27.a5 Be6 28.Rh2 Kg6 29.Rh1 h5 30.Rd1 Kf7
31.Ke1 g6 32.Kd2 Bc4 33.Kc3 Bd3 34.Be5 Rd5 35.Bd6 Ke6 36.Rd2 Bb5 37.Rd4  1/2-1/2

[Event "RUS-ch U18"]
[Site "Kolontaevo"]
[Date "1998.??.??"]
[Round "?"]
[White "Kosyrev, Vladimir"]
[Black "Zaitsev, Mikhail"]
[Result "1-0"]
[WhiteElo "2405"]
[BlackElo "2270"]

1.d4 d5 2.c4 e6 3.Nc3 c6 4.e3 Nf6 5.Nf3 Nbd7 6.Qc2 Bd6 7.Bd3 O-O 8.O-O dxc4
9.Bxc4 Qc7 10.a4 c5 11.a5 a6 12.Bd3 b5 13.axb6 Nxb6 14.Ne4 Nbd7 15.Nxf6+ Nxf6
16.e4 e5 17.d5 a5 18.Nd2 Ba6 19.Bxa6 Rxa6 20.Nc4 Qe7 21.Ra4 Nh5 22.Qe2 g6
23.Nxe5 Raa8 24.Nf3  1-0

[Event "RUS-ch U18"]
[Site "Kolontaevo"]
[Date "1998.??.??"]
[Round "?"]
[White "Yurenko, Konstantin"]
[Black "Erenburg, Sergey"]
[Result "1/2-1/2"]
[WhiteElo "2300"]
[BlackElo "2285"]

1.d4 d5 2.c4 c6 3.Nc3 Nf6 4.Nf3 e6 5.e3 Nbd7 6.Qc2 Bd6 7.g4 Nxg4 8.Rg1 Qf6
9.Rxg4 Qxf3 10.Rxg7 Nf6 11.Bg2 Qh5 12.e4 Nxe4 13.Bxe4 dxe4 14.Nxe4 Be7 15.Bg5 Qxh2
16.Bxe7 Qh1+ 17.Ke2 Qh5+ 18.f3 Qh2+ 19.Kd3 Qxc2+ 20.Kxc2 Kxe7 21.c5 e5 22.Nd6 Be6
23.dxe5 b6 24.f4 Rag8 25.Rag1 Kf8 26.Rxg8+ Rxg8 27.Rxg8+ Kxg8 28.cxb6 axb6
29.a3 Kg7 30.Kd3 h5 31.f5 Bd7 32.Ke4 Kf8 33.Kf4 Ke7 34.f6+ Ke6 35.Nf5 Kd5
36.Nh4 Kc4  1/2-1/2

[Event "Korinthos op"]
[Site "Korinthos"]
[Date "1998.??.??"]
[Round "7"]
[White "Andrews, Todd D"]
[Black "Mastrovasilis, Dimitrios"]
[Result "0-1"]
[WhiteElo "2145"]
[BlackElo "2280"]

1.d4 d5 2.c4 c6 3.Nf3 e6 4.e3 Nf6 5.Nc3 Nbd7 6.Qc2 Bd6 7.g4 h6 8.h3 Qe7 9.Bd2 dxc4
10.Bxc4 b5 11.Be2 Bb7 12.Rc1 a6 13.e4 c5 14.e5 cxd4 15.exf6 Nxf6 16.Nd1 O-O
17.g5 hxg5 18.Bxg5 Rac8 19.Qb1 Rxc1 20.Qxc1 d3 21.Bxd3 Bxf3 22.Rg1 Bh2 23.Bh6 Nh5
24.Rg5 Qf6 25.Rxh5 Bxh5 26.Bg5 Qe5+ 27.Be3 Rd8 28.Qc2 Qd5 29.Be2 Qh1+  0-1

[Event "Korinthos op"]
[Site "Korinthos"]
[Date "1998.??.??"]
[Round "9"]
[White "Dimitriadis, Georgios"]
[Black "Bras, Emanouel"]
[Result "1-0"]
[WhiteElo "2245"]
[BlackElo "2125"]

1.d4 d5 2.c4 c6 3.Nc3 Nf6 4.e3 e6 5.Nf3 Nbd7 6.Bd3 Bd6 7.e4 dxe4 8.Nxe4 Nxe4
9.Bxe4 e5 10.O-O exd4 11.Qxd4 Nf6 12.Bc2 O-O 13.Rd1 Be7 14.Qh4 Qa5 15.Re1 Be6
16.Re5 Qb4 17.a3 Qb6 18.b4 Rfe8 19.c5 Qd8 20.Ng5 Bxc5 21.Bxh7+ Nxh7 22.Qxh7+ Kf8
23.Bb2 Bxf2+ 24.Kh1 Qd2 25.Rxe6 Rxe6 26.Qxg7+ Ke7 27.Qxf7+ Kd6 28.Qxe6+ Kc7
29.Qe5+ Kd7 30.Ne4  1-0

[Event "MK Cafe Cup-B"]
[Site "Koszalin"]
[Date "1998.??.??"]
[Round "1"]
[White "Ostrowski, Leszek"]
[Black "Matyszkiewicz, Marcin"]
[Result "1-0"]
[WhiteElo "2340"]
[BlackElo "2120"]

1.Nf3 d5 2.d4 Nf6 3.c4 c6 4.Nc3 e6 5.e3 Be7 6.Bd3 dxc4 7.Bxc4 b5 8.Bd3 Bb7
9.O-O a6 10.e4 c5 11.e5 Nd5 12.Ne4 Nb4 13.Bb1 cxd4 14.Bg5 O-O 15.a3 d3 16.Nd6 Bxf3
17.Qxf3 Nd5 18.Qxd3 g6 19.Bxe7 Qxe7 20.Ba2 Nc6 21.f4 Qa7+ 22.Kh1 Nce7 23.Rae1 Rad8
24.Qh3 f5 25.exf6 Rxd6 26.fxe7 Qxe7 27.Rxe6 Qxe6 28.Qxe6+ Rxe6 29.Bxd5 Re8
30.Re1 Kf7 31.Kg1 Kf6 32.Rxe6+ Rxe6 33.Bxe6 Kxe6 34.Kf2 Kd5 35.Ke3 h5 36.Kd3 Kc5
37.b4+ Kd5  1-0

[Event "MK Cafe Cup-B"]
[Site "Koszalin"]
[Date "1998.??.??"]
[Round "5"]
[White "Ehrenfeucht, Wojciech"]
[Black "Kludacz, Magdalena"]
[Result "1-0"]
[WhiteElo "2335"]
[BlackElo "2230"]

1.Nf3 d5 2.c4 c6 3.e3 Nf6 4.Nc3 e6 5.d4 Nbd7 6.Qc2 b6 7.b3 Bb7 8.Be2 Be7
9.O-O O-O 10.Bb2 Rc8 11.Rad1 Qc7 12.e4 dxe4 13.Nxe4 Nxe4 14.Qxe4 c5 15.Qe3 Nf6
16.Ne5 cxd4 17.Bxd4 Rfd8 18.Bf3 Bxf3 19.Nxf3 Nd7 20.Rd3 Nf8 21.Rfd1 f6 22.Qe4 e5
23.Be3 Rxd3 24.Rxd3 Rd8 25.Nd2 g6 26.Rxd8 Qxd8 27.g3 Bb4 28.Nf3 Kg7 29.Kg2 Qe7
30.g4 Nd7 31.Qb7 e4 32.Nd4 Bc5 33.h3 a5 34.Nc6 Qf7 35.Bxc5  1-0

[Event "MK Cafe Cup-B"]
[Site "Koszalin"]
[Date "1998.??.??"]
[Round "6"]
[White "Sarwinski, Miroslaw"]
[Black "Twardowski, Lukasz"]
[Result "1/2-1/2"]
[WhiteElo "2380"]
[BlackElo "2255"]

1.d4 Nf6 2.Nf3 d5 3.c4 e6 4.Nc3 c6 5.e3 Bd6 6.Bd3 Nbd7 7.O-O h6 8.Qe2 O-O
9.e4 dxe4 10.Nxe4 Nxe4 11.Qxe4 Nf6 12.Qe2 b6 13.b3 Bb7 14.Bb2 Re8 15.Rad1 Qc7
16.h3 Nh5 17.Bb1 Nf4 18.Qc2 f5 19.Rfe1 Qf7 20.Bc1 c5 21.Bxf4 Bxf4 22.Ne5 Bxe5
23.dxe5 Qg6 24.f4 Rad8 25.Qf2 Qf7 26.Rd2 Qc7 27.Red1 Rxd2 28.Qxd2 Qc6 29.Qf2 Qc8
30.Qh4 Qc6 31.Qg3 Qc7 32.Qh4 Qe7 33.Qxe7 Rxe7 34.Kf2 Kf7 35.g4 g6 36.Kg3 Bc6
37.Rd6 Be8 38.h4 h5 39.gxh5 gxh5 40.Bd3 Kf8 41.Be2 Bf7 42.Kf2 Re8 43.a3 Ke7
44.Rd3 Rd8 45.Rc3 Rd2 46.b4 Rb2 47.bxc5 bxc5 48.Rg3 Kf8 49.Rd3 Ke7 50.Ke3 Be8  1/2-1/2

[Event "RUS-Cup"]
[Site "Krasnodar"]
[Date "1998.??.??"]
[Round "6"]
[White "Kharitonov, Andrei Y"]
[Black "Skatchkov, Pavel"]
[Result "1/2-1/2"]
[WhiteElo "2585"]
[BlackElo "2415"]

1.d4 d5 2.c4 e6 3.Nf3 Nf6 4.Nc3 c6 5.e3 Nbd7 6.Bd3 dxc4 7.Bxc4 b5 8.Bb3 Bb7
9.O-O a6 10.e4 b4 11.e5 bxc3 12.exf6 Nxf6 13.bxc3 h6 14.c4 Bd6 15.c5 Bc7
16.Rb1 Ra7 17.Re1 O-O 18.Ne5 a5 19.Bf4 Nd5 20.Bxd5 Qxd5 21.Qa4 Bxe5 22.Bxe5 Ba6
23.Bd6 Rc8 24.Rb2 Bb5 25.Qd1 a4 26.a3 Bc4 27.Rb4 Bb3 28.Qd2 f6 29.Qc3 Re8
30.h3 Qf5 31.Rb6 Bd5 32.f3 Qg6 33.Kh2 Kh7 34.Re2 Qf5 35.Reb2 e5 36.dxe5 fxe5
37.Re2 e4 38.f4 e3 39.Rxe3 Rxe3 40.Qxe3 Qc2 41.Qg3 Rf7 42.Be5 Be4 43.Rb4 Rd7
44.Bd4 Re7 45.Rb2 Qc4 46.Qe3 Qd5 47.Re2 Re6 48.Be5 Bg6 49.Rd2 Qb3 50.Qf2 Re7
51.Bb2 Bf5 52.g4  1/2-1/2

[Event "RUS-Cup"]
[Site "Krasnodar"]
[Date "1998.??.??"]
[Round "6"]
[White "Khurtsidze, Nino"]
[Black "Maiorov, Oleg"]
[Result "1-0"]
[WhiteElo "2390"]
[BlackElo "2405"]

1.d4 d5 2.c4 c6 3.Nf3 e6 4.e3 Nf6 5.Nc3 Nbd7 6.Bd3 dxc4 7.Bxc4 b5 8.Bd3 Bb7
9.O-O a6 10.e4 c5 11.d5 Qc7 12.dxe6 fxe6 13.Qe2 Bd6 14.Ng5 c4 15.Nxe6 Bxh2+
16.Kh1 Qe5 17.Bxc4 bxc4 18.Nxg7+ Kf7 19.f4 Qc7 20.Nf5 Rae8 21.Kxh2 Bxe4 22.Nxe4 Rxe4
23.Qf3 Qc5 24.Nh6+ Ke7 25.Bd2 Re8 26.Bc3 Kf8 27.Rae1 a5 28.Rxe4 Nxe4 29.Qg4 Ndf6
30.Bxf6 Nxf6 31.Qg5 Qd6 32.Nf5 Qb6 33.Rd1 Re6 34.Rd7 Ne8 35.Qh5 Rf6 36.Nd4 Qxb2
37.Qc5+ Kg8 38.Qd5+ Kh8 39.Qe5  1-0

[Event "RUS-Cup"]
[Site "Krasnodar"]
[Date "1998.??.??"]
[Round "8"]
[White "Burmakin, Vladimir"]
[Black "Skatchkov, Pavel"]
[Result "1/2-1/2"]
[WhiteElo "2550"]
[BlackElo "2415"]

1.d4 d5 2.c4 e6 3.Nc3 Nf6 4.Nf3 c6 5.e3 Nbd7 6.Qc2 Bd6 7.Be2 O-O 8.O-O Re8
9.Rd1 Qe7 10.e4 Nxe4 11.Nxe4 dxe4 12.Qxe4 e5 13.Bg5 f6 14.Be3 Qf8 15.Bd3 f5
16.Qxf5 e4 17.Qxf8+ Bxf8 18.Bxe4 Rxe4 19.Re1 Re8 20.Bg5 Rxe1+ 21.Rxe1 Nf6
22.h3 Bd7 23.Ne5 Re8 24.g4 Bc8 25.Bd2 Nd7 26.f4 c5 27.d5 Be7 28.Kg2 Bh4 29.Re4 Bf6
30.Bc3 Bd8 31.Kf3 Bc7 32.b3 h6 33.Re2 a6 34.Re4 Bd6 35.Bb2 b5 36.Bc3 g5 37.Nxd7 Bxd7
38.Be5 Bf8 39.fxg5 bxc4 40.bxc4 Ba4 41.gxh6 Bxh6 42.Bf4 Rf8  1/2-1/2

[Event "RUS-Cup"]
[Site "Krasnoiarsk"]
[Date "1998.??.??"]
[Round "6"]
[White "Namgilov, Sogto"]
[Black "Galkin, Alexander"]
[Result "0-1"]
[WhiteElo "2440"]
[BlackElo "2565"]

1.d4 d5 2.c4 c6 3.Nf3 Nf6 4.Nc3 e6 5.e3 Nbd7 6.Qc2 Bd6 7.Bd3 O-O 8.O-O dxc4
9.Bxc4 b5 10.Be2 Bb7 11.a3 a6 12.b4 e5 13.Rd1 Qb8 14.h3 h6 15.dxe5 Nxe5 16.Nd4 Rc8
17.f4 Ng6 18.Nb3 c5 19.Nxc5 Bxc5 20.bxc5 Rxc5 21.Qd3 Qe8 22.Bb2 Rc7 23.Qd4 Re7
24.Rd3 Nh4 25.Bf1 Rd7 26.Qb6 Bxg2 27.Rad1 Bf3 28.R1d2 Bh5 29.Bg2 Rxd3 30.Rxd3 Nxg2
31.Kxg2 Bg6 32.Rd6 Qe7 33.Qd4 Rc8 34.Kh2 Kh7 35.Ba1 a5 36.e4 Rc4 37.Qe3 Qxd6
38.e5 Qe6  0-1

[Event "RUS-Cup"]
[Site "Krasnoiarsk"]
[Date "1998.??.??"]
[Round "6"]
[White "Burmakin, Vladimir"]
[Black "Iskusnyh, Sergei"]
[Result "1/2-1/2"]
[WhiteElo "2550"]
[BlackElo "2455"]

1.d4 d5 2.c4 c6 3.Nc3 Nf6 4.Nf3 e6 5.e3 Nbd7 6.Qc2 Bd6 7.Be2 O-O 8.O-O dxc4
9.Bxc4 a6 10.Rd1 Re8 11.Bd3 Qc7 12.Ne4 Nxe4 13.Bxe4 Nf6 14.Bd3 c5 15.dxc5 Qxc5
16.Qxc5 Bxc5 17.Bd2 Bd7 18.Ba5  1/2-1/2

[Event "Kstovo"]
[Site "Kstovo"]
[Date "1998.??.??"]
[Round "2"]
[White "Yanin, Pavel"]
[Black "Kulikov, Alexander O"]
[Result "0-1"]
[WhiteElo "2430"]
[BlackElo "2395"]

1.Nf3 d5 2.d4 Nf6 3.c4 c6 4.Nc3 e6 5.e3 Nbd7 6.Bd3 dxc4 7.Bxc4 b5 8.Be2 a6
9.O-O Bb7 10.Qc2 c5 11.Rd1 Rc8 12.dxc5 Bxc5 13.a3 Qc7 14.Bd2 O-O 15.Rac1 Bd6
16.h3 Ne5 17.Nxe5 Bxe5 18.Qb3 Qb6 19.a4 b4 20.a5 Qxa5 21.Ra1 Qc5 22.Na4 Qd5
23.Qxd5 Nxd5 24.e4 Nf4 25.Bf1 b3 26.Nb6 Rcd8 27.Nc4 Bb8 28.e5 Ng6 29.Bb4 Rxd1
30.Rxd1 Rc8 31.Nd6 Rd8 32.Re1 Bd5 33.Bxa6 Nxe5 34.Nc8 Rxc8 35.Bxc8 Nd3 36.Bc3 Nxe1
37.Bxe1 Be5  0-1

[Event "Kstovo"]
[Site "Kstovo"]
[Date "1998.??.??"]
[Round "7"]
[White "Kulikov, Alexander O"]
[Black "Novgorodskij, Vladimir"]
[Result "1/2-1/2"]
[WhiteElo "2395"]
[BlackElo "2420"]

1.Nf3 d5 2.c4 c6 3.d4 Nf6 4.Nc3 e6 5.e3 Nbd7 6.Qc2 Bd6 7.Be2 O-O 8.O-O Qe7
9.Rd1 dxc4 10.Bxc4 e5 11.e4 h6 12.Nh4 Nb6 13.Ng6 Qc7 14.dxe5 Bxe5 15.Nxe5 Qxe5
16.Be2 Ng4 17.Bxg4 Bxg4 18.f3 Qc5+ 19.Qf2 Qxf2+ 20.Kxf2 Be6 21.b3 f5 22.Ba3 Rf7
23.e5  1/2-1/2

[Event "SCO-ch"]
[Site "Largs"]
[Date "1998.??.??"]
[Round "8"]
[White "Norris, Alan J"]
[Black "Bryson, Douglas M"]
[Result "1/2-1/2"]
[WhiteElo "2320"]
[BlackElo "2385"]

1.d4 d5 2.c4 e6 3.Nc3 c6 4.Nf3 Nf6 5.e3 Nbd7 6.Bd3 dxc4 7.Bxc4 b5 8.Bd3 Bb7
9.O-O a6 10.e4 c5 11.d5 c4 12.Bc2 e5 13.Ne2 Bc5 14.Ng3 O-O 15.Bg5 Re8 16.h3 Qb6
17.Nh4 g6 18.Qd2 Kh8 19.Kh2 Ng8 20.Rae1 Qd6 21.Re2 f6 22.Be3 Rac8 23.Bxc5 Rxc5
24.Re3 Rc7 25.Kg1 Bc8 26.a3 Nc5 27.Nf3 Nh6 28.Rfe1 Nf7 29.Qa5 Rce7 30.Nd2 Qc7
31.Qc3 Qb6 32.b3 cxb3 33.Nxb3 Rc7 34.Qa5 Qxa5 35.Nxa5 Bd7 36.Bd1 Nd6 37.f3 Ncb7
38.Nxb7 Nxb7 39.Ne2 Nd6 40.Bb3 Rec8 41.Kf2 Kg7 42.Rd1 a5 43.Rb1 Kf8 44.g4 Ke7
45.h4 f5 46.exf5 gxf5 47.Rxe5+ Kf6 48.g5+ Kf7 49.Re3 a4 50.Bd1 Rc4 51.Kg3 f4+
52.Nxf4 Nf5+ 53.Kf2 Rxf4 54.Re4 Rxh4 55.Rxh4 Nxh4 56.Be2 Nf5 57.Bxb5 Bxb5
58.Rxb5 Rc2+ 59.Kg1 Rc3 60.f4 Rc4 61.Rb7+ Kg6 62.Rb6+ Kh5 63.Rb7 Rxf4 64.Rxh7+ Kxg5
65.Ra7 Kf6 66.Ra5 Ke5 67.Kg2 Nd6 68.Kg3 Rc4 69.Kf2 Ne4+ 70.Ke2 Nc5 71.Kd1 Rc3
72.Kd2 Rxa3 73.Rxc5  1/2-1/2

[Event "Le Touquet op"]
[Site "Le Touquet"]
[Date "1998.??.??"]
[Round "1"]
[White "Villeneuve, Alain"]
[Black "Guilbert, Jean Louis"]
[Result "1-0"]
[WhiteElo "2320"]
[BlackElo "2070"]

1.d4 d5 2.Nf3 Nf6 3.c4 c6 4.e3 e6 5.Nc3 Nbd7 6.Bd3 Bd6 7.O-O O-O 8.b3 e5
9.cxd5 cxd5 10.Nb5 Bb8 11.dxe5 Nxe5 12.Bb2 Nxd3 13.Qxd3 Be6 14.Rac1 a6 15.Bxf6 Qxf6
16.Nc7 Bxc7 17.Rxc7 Rab8 18.Rfc1 Rfc8 19.Nd4 Qd8 20.Qc3 Rxc7 21.Qxc7 Qe8
22.Qe5 Rc8 23.Rc7 Rxc7 24.Qxc7 Qa8 25.f4 Bg4 26.f5 g6 27.f6 Qc8 28.Qf4 h5
29.h3 Be6 30.Kh2 Kh7 31.Kg3 Qg8 32.Qc7 Bc8 33.Qe5 Qd8 34.Kf4 Kh6 35.Qe7 Qg8
36.Ke5 g5 37.Kxd5 g4 38.h4 g3 39.Ne2 Be6+ 40.Ke5 Qb8+ 41.Ke4 b5 42.Nf4 Qa8+
43.Kd4 Bf5 44.e4 Bg6 45.b4 Qc8 46.Qc5 Qd8+ 47.Nd5  1-0

[Event "VfB op 5th"]
[Site "Leipzig"]
[Date "1998.??.??"]
[Round "3"]
[White "Schreiter, Thomas"]
[Black "Bartolomaeus, Christian"]
[Result "0-1"]
[WhiteElo "2120"]
[BlackElo "2210"]

1.d4 d5 2.c4 c6 3.Nf3 Nf6 4.e3 e6 5.Nc3 Nbd7 6.cxd5 exd5 7.Bd3 Bd6 8.O-O O-O
9.Qc2 Re8 10.e4 dxe4 11.Nxe4 Nxe4 12.Bxe4 Nf8 13.Be3 Bg4 14.h3 Bh5 15.Rfd1 Bg6
16.Nd2 Bc7 17.Bxg6 Nxg6 18.Nf1 Qd5 19.Qc5 Ne7 20.Rd3 Bb6 21.Qa3 Nf5 22.Rad1 Rad8
23.Bg5 f6 24.Ne3 Nxe3 25.Bxe3 Rd7 26.b4 Re4 27.Kh1 f5 28.f3 Re6 29.R1d2 a6
30.Qc1 Rde7 31.Qa3 Bc7  0-1

[Event "VfB op 5th"]
[Site "Leipzig"]
[Date "1998.??.??"]
[Round "6"]
[White "Wagner, Bernd"]
[Black "Goessling, Guido"]
[Result "0-1"]
[WhiteElo "2220"]
[BlackElo "2140"]

1.d4 d5 2.Nf3 Nf6 3.c4 c6 4.Nc3 e6 5.e3 Nbd7 6.Bd3 dxc4 7.Bxc4 b5 8.Bd3 a6
9.O-O c5 10.dxc5 Nxc5 11.Be2 Qc7 12.b4 Nce4 13.Nxe4 Nxe4 14.Qd4 Bb7 15.Bb2 Rd8
16.Rac1 Qb8 17.Qe5 Qxe5 18.Bxe5 Bxb4 19.Bxg7 Rg8 20.Bd4 Nd2 21.Ne1 Nxf1 22.Kxf1 Bxe1
23.Kxe1 Rxg2 24.Rc7 Rd7 25.Rc5 Ke7 26.Rh5 Rg1+ 27.Kd2 Be4 28.Re5 Bg6 29.f4 Rd5
30.f5 Rxd4+ 31.exd4 Bxf5 32.Rc5 Ra1 33.Rc7+ Kf6 34.Ra7 Rxa2+ 35.Ke3 Ra4 36.Rc7 b4
37.Rc6 b3 38.Rb6 Ra3 39.Kf4 Bc2 40.d5 Ra4+ 41.Ke3 Ke7 42.dxe6 fxe6 43.Kd2 a5  0-1

[Event "VfB op 5th"]
[Site "Leipzig"]
[Date "1998.??.??"]
[Round "8"]
[White "Anderberg, Peter"]
[Black "Luechtemeier, Peter"]
[Result "0-1"]
[WhiteElo "2115"]
[BlackElo "2180"]

1.d4 d5 2.Nf3 Nf6 3.c4 c6 4.Nc3 e6 5.e3 Nbd7 6.Qc2 Bd6 7.Be2 O-O 8.O-O Re8
9.e4 dxe4 10.Nxe4 Nxe4 11.Qxe4 e5 12.Bd3 Nf6 13.Qh4 e4 14.Bc2 exf3 15.Bg5 h6
16.Bxh6 gxh6 17.Qxh6 Bf8 18.Qh4 Bg7 19.gxf3 Qa5 20.Kh1 Qh5  0-1

[Event "PER-ch sf"]
[Site "Lima"]
[Date "1998.??.??"]
[Round "8"]
[White "Cruz, Filemon"]
[Black "Miguel, Fernando"]
[Result "1/2-1/2"]
[WhiteElo "2365"]
[BlackElo "2300"]

1.d4 d5 2.c4 c6 3.Nc3 Nf6 4.Nf3 e6 5.e3 Nbd7 6.Bd3 dxc4 7.Bxc4 b5 8.Bd3 Bb7
9.O-O a6 10.e4 c5 11.d5 c4 12.Bc2 Qc7 13.Qe2 e5 14.Nh4 Bc5 15.Kh1 g6 16.f4 Nh5
17.f5 Nf4 18.Qd1 g5 19.Nf3 Rg8 20.g3 Nh3 21.Qe2 g4 22.Nh4 Nf6 23.Be3 Bd4
24.Rad1 Qc5 25.Ng2 O-O-O 26.a3 Kb8 27.Qd2 Bxe3 28.Nxe3 Ng5 29.Qe2 h5 30.Ng2 Nf3
31.Rxf3 gxf3 32.Qxf3 Ng4 33.Rf1 Qd4 34.h3 Nf6 35.Ne3 Rg5 36.Rd1 Qc5 37.Ne2 Rdg8
38.Kg1 Rh8 39.Kg2 Rhg8 40.Kh2 R5g7 41.Ng2 Rh7 42.Nh4 a5 43.Rc1 Rc8 44.Kg2 Rg7
45.Qc3 Nd7 46.Qxa5 Qe3 47.Qe1 Rcg8 48.Rd1 Nf6 49.Qf2 Qxf2+  1/2-1/2

[Event "Ljubljana op"]
[Site "Ljubljana"]
[Date "1998.??.??"]
[Round "5"]
[White "Avrukh, Boris"]
[Black "Pavasovic, Dusko"]
[Result "1/2-1/2"]
[WhiteElo "2525"]
[BlackElo "2505"]

1.d4 d5 2.c4 e6 3.Nc3 c6 4.Nf3 Nf6 5.e3 Nbd7 6.Bd3 dxc4 7.Bxc4 b5 8.Bd3 a6
9.e4 c5 10.d5 Qc7 11.O-O Bb7 12.Qe2 c4 13.Bc2 Bd6 14.Bg5 O-O-O 15.b3 exd5
16.Nxd5 Nxd5 17.exd5 Rde8 18.Qd1 c3 19.Bf5 Kb8 20.Bxd7 Qxd7 21.Qd4 Rc8 22.Be3 Bc5
23.Qxc3 Qxd5 24.Rfd1 Bxe3 25.Qxe3 Qc5 26.Qf4+ Qc7 27.Ne5 Rhd8 28.Qg3 Ka8
29.Rxd8 Rxd8 30.Re1 f6 31.Ng4 Qc2 32.h4 Rd1 33.Rxd1 Qxd1+ 34.Kh2 Qc2 35.a3 h5
36.Ne3 Qxb3 37.Qxg7 Qxa3 38.Qxf6 Qc5 39.Qg5 Qd6+ 40.g3 Qc6 41.Qd8+ Ka7 42.Qd4+ Ka8
43.Qh8+ Ka7 44.Qd4+  1/2-1/2

[Event "SLO-ch"]
[Site "Maribor"]
[Date "1998.??.??"]
[Round "3"]
[White "Jelen, Igor"]
[Black "Simic, Dragan"]
[Result "1/2-1/2"]
[WhiteElo "2430"]
[BlackElo "2280"]

1.d4 d5 2.c4 c6 3.Nc3 Nf6 4.e3 e6 5.Nf3 Nbd7 6.Bd3 Bd6 7.e4 dxe4 8.Nxe4 Nxe4
9.Bxe4 e5 10.O-O exd4 11.Qxd4 Qf6 12.Qd1 Bf4 13.Re1 O-O 14.Bd2 Bxd2 15.Qxd2 Nc5
16.Bc2 Bg4 17.Ne5 Bf5 18.Bxf5 Qxf5 19.Rad1 Rfe8 20.Nf3 h6  1/2-1/2

[Event "FRA-chB"]
[Site "Meribel"]
[Date "1998.??.??"]
[Round "4"]
[White "Mensch, Etienne"]
[Black "Fontaine, Robert"]
[Result "1/2-1/2"]
[WhiteElo "2225"]
[BlackElo "2365"]

1.d4 d5 2.c4 c6 3.Nf3 Nf6 4.Nc3 e6 5.e3 Nbd7 6.Bd3 dxc4 7.Bxc4 b5 8.Bd3 Bb7
9.O-O b4 10.Na4 c5 11.Nxc5 Nxc5 12.dxc5 Bxc5 13.Bb5+ Ke7 14.Qe2 Qb6 15.Rd1 Rhd8
16.Bd2 a6 17.Bc4 Rac8 18.Be1 Qc6 19.Rxd8 Rxd8 20.Rc1 a5 21.a3 Bd6 22.axb4 axb4
23.Ra1 Ng4 24.Ba6 Ba8 25.Qc4 Bxh2+ 26.Kf1 Qxc4+ 27.Bxc4 Bd6 28.Ra7+ Kf6 29.Nd4 Bc5
30.Ra4 Ne5 31.Be2 Nc6 32.Rxa8 Rxa8 33.Nxc6 Ra1 34.b3 e5 35.Bc4 e4 36.Ke2 Ra2+
37.Bd2 h5 38.Bd5 Kf5 39.Bxf7 h4 40.Nd4+ Kf6  1/2-1/2

[Event "Miskolc Avas op"]
[Site "Miskolc"]
[Date "1998.??.??"]
[Round "1"]
[White "Landenberger, Laszlo"]
[Black "Turzo, Attila"]
[Result "0-1"]
[WhiteElo "2120"]
[BlackElo "2415"]

1.d4 d5 2.c4 c6 3.Nf3 Nf6 4.Nc3 e6 5.e3 Nbd7 6.cxd5 exd5 7.Bd3 Be7 8.O-O O-O
9.Qb3 Re8 10.Bd2 Bd6 11.Rfe1 Ne4 12.Ne2 a5 13.Ng3 Ndf6 14.Qc2 Bg4 15.a3 Qe7
16.Ne2 Bh5 17.h3 Nd7 18.Bxe4 dxe4 19.Nh2 Bxe2 20.Rxe2 a4 21.Nf1 Nf6 22.Rc1 Nd5
23.Be1 f5 24.Nd2 Kh8 25.Nc4 Bc7 26.f4 exf3 27.gxf3 Qg5+ 28.Rg2 Nxe3 29.Rxg5 Nxc2
30.Bf2 Bf4  0-1

[Event "Miskolc Avas op"]
[Site "Miskolc"]
[Date "1998.??.??"]
[Round "8"]
[White "Kiss, Pal"]
[Black "Turzo, Attila"]
[Result "1/2-1/2"]
[WhiteElo "2440"]
[BlackElo "2415"]

1.d4 d5 2.c4 c6 3.e3 Nf6 4.Nc3 e6 5.Nf3 Nbd7 6.Qc2 Bd6 7.Be2 O-O 8.O-O dxc4
9.Bxc4 Qe7 10.h3 e5 11.Bb3  1/2-1/2

[Event "Montecatini Terme-B"]
[Site "Montecatini Terme "]
[Date "1998.??.??"]
[Round "1"]
[White "Iotti, Pierluigi"]
[Black "Medancic, Rikard"]
[Result "1/2-1/2"]
[WhiteElo "2325"]
[BlackElo "2300"]

1.d4 d5 2.c4 e6 3.Nc3 Nf6 4.Nf3 c6 5.e3 Nbd7 6.Qc2 Bd6 7.b3 Qe7 8.Be2 O-O
9.O-O dxc4 10.bxc4 e5 11.Re1 Re8 12.c5 Bc7 13.Bc4 h6 14.Bb2 e4 15.Nd2 b5
16.cxb6 Nxb6 17.Be2 Nbd5 18.Rec1 Nb4 19.Qd1 Rb8 20.Ba3 Qe6 21.Na4 Nfd5  1/2-1/2